| 000 | 01125nam a22002657a 4500 | ||
|---|---|---|---|
| 001 | BD-DhSAU 7469 | ||
| 003 | BD-DhSAU | ||
| 005 | 20231122160246.0 | ||
| 008 | 150422b2006 bg ||||| m||m 00| 0 eng d | ||
| 040 | _aBD-DhSAU | ||
| 082 |
_222 _a631.521 _bAl411 |
||
| 100 |
_aALI, MD. KAUSER _eRegistration No. # 15-06477 |
||
| 245 |
_aStandardization of water temperature and time in controlling major seed borne pathogens of rice, wheat and maize / _bMS thesis |
||
| 260 |
_aSher-e- Bangla Agricultural University: _bInstitute of Seed Technology, _c2022. |
||
| 300 |
_axi, 49p.: _b30 cm. |
||
| 500 | _aMS thesis of Institute of Seed Technology , Faculty of Agribusiness, Sher-e-Bangla Agricultural University, Dhaka, Bangladesh | ||
| 590 | _aNamul | ||
| 650 | _awater temperature | ||
| 651 | _atime in controlling major seed borne pathogens | ||
| 654 | _arice, wheat and maize | ||
| 700 |
_aProf. Dr. Md. Rafiqul Islam _eSuperviser |
||
| 700 |
_aProf. Abu Noman Faruq Ahmmed _eCo-Superviser |
||
| 856 | _uhttp://archive.saulibrary.edu.bd:8080/xmlui/handle/123456789/5075 | ||
| 942 |
_2ddc _cTHESIS |
||
| 999 |
_c17338 _d17337 |
||